| 000 | 00626nam a2200265Ia 4500 | ||
|---|---|---|---|
| 005 | 20250425161943.0 | ||
| 008 | 250425s9999 xx 000 0 und d | ||
| 020 | _a9681852125 | ||
| 041 | _aspa | ||
| 082 | _a540.3 | ||
| 100 | _aKIRK, DONALD E. | ||
| 245 | 0 | _aENCICLOPEDIA TEMATICA DE QUIMICA (TOMO 1) | |
| 250 | _a1A ED. | ||
| 260 | _aMEXICO | ||
| 260 |
_aMéxico _bLIMUSA _c1998 |
||
| 300 | _a267 | ||
| 650 | _aENCICLOPEDIAS | ||
| 650 | _aINDUSTRIA QUIMICA | ||
| 650 | _aQUIMICA | ||
| 650 | _aQUIMICA TECNICA | ||
| 650 | _aTERMINOLOGIA | ||
| 700 | _aOTHMER, DONALD F. | ||
| 942 | _c01 | ||
| 010 | _a36894 | ||
| 999 |
_c219560 _d219560 |
||